Every Sacramento Kings AllStar - Statistics

General Stats
  • This quiz has been taken 4 times
  • The average score is 10 of 25
Answer Stats
Year/Years Number of AllStars Player % Correct
1999,2000,2001,2002 4x Chris Webber
100%
2014,2015,2016 3x DeMarcus Cousins
100%
2022 1x Domantas Sabonis
100%
2022 1x De'Aaron Fox
75%
1992,1993,1994,1995,1996,1997 6x Mitch Richmond
75%
1972,1974,1975 3x Nate Archibald
75%
1960,1961,1962,1963,1964,1965,1966,1967,1968,1969 10x Oscar Robertson
75%
2001,2002,2003 3x Peja Stojakovic/Predrag Stojakovic
75%
2000 1x Vlade Divac
75%
1951,1952,1953,1954,1955 5x Bobby Wanzer
50%
1978,1979,1980 3x Otis Birdsong
50%
1951,1952,1953,1954 4x Arnie Risen
25%
2003 1x Brad Miller
25%
1956,1957,1958,1959,1961,1962 6x Jack Twyman
25%
1963,1964,1965,1966,1967,1968 6x Jerry Lucas
25%
1955,1956,1957 3x Maurice Stokes
25%
1956 1x Richie Regan
25%
1965 1x Adrian Smith
0%
1950,1951,1952,1953 4x Bob Davies
0%
1954 1x Jack Coleman
0%
1970 1x Johnny Green
0%
1974 1x Sam Lacey
0%
1975,1979 2x Scott Wedman
0%
1969,1970,1971 3x Tom Van Arsdale
0%
1960,1961,1962,1963,1964 5x Wayne Embry
0%
No matching quizzes found
Score Distribution
Percent of People with Each Score
Percentile by Number Answered
Your Score History
You have not taken this quiz